Impuestos a las ganancias. Intereses de cauciones y cheques de pago diferido negociados en la bolsa a partir del año 2019 (Registro nro. 20335)
[ vista simple ]
| 000 -LEADER | |
|---|---|
| fixed length control field | 00404 a2200109 4500 |
| 001 - CONTROL NUMBER | |
| control field | ART_51930 |
| 005 - DATE AND TIME OF LATEST TRANSACTION | |
| control field | 20260410161758.0 |
| 008 - FIXED-LENGTH DATA ELEMENTS--GENERAL INFORMATION | |
| fixed length control field | 260409a |
| 100 1# - MAIN ENTRY--PERSONAL NAME | |
| Personal name | Schwartzman, Daniel M. |
| 245 10 - TITLE STATEMENT | |
| Title | Impuestos a las ganancias. Intereses de cauciones y cheques de pago diferido negociados en la bolsa a partir del año 2019 |
| 773 0# - HOST ITEM ENTRY | |
| Title | Doctrina tributaria |
| Related parts | - N°489 (dic. 2020) |
| Record control number | REV4296 |
No hay ítems disponibles.